Movies Quiz

Random Movies or Actor Quiz

Who said it? (Actors) Quiz Stats

 Plays Quiz not verified by Sporcle

Score 0/15 Timer 07:00
0 Plays Today
Line Actor/Actress % Correct
Show me the money, JerryCuba Gooding Jr. in Jerry Maguire
84.4%
You had me at helloRenee Zellweger in Jerry Maguire
65.8%
And how the hell could Bond be so stupid? I give him double-O status and he celebrates by shooting up an embassy.Judi Dench in Casino Royale
62.8%
I don't think there will be a return journey, Mr. Frodo. Sean Astin in Lord of the Rings: The Return of the King
62.3%
Are you not entertained!?Russell Crowe in Gladiator
60.6%
Aha. Look what I've created. I have made FIRE. Tom Hanks in Cast Away
59.3%
I don't hear as good as I used to, and I ain't as pretty as I used to be. But I'm still here - I'm the Ram.Mickey Rourke in The Wrestler
45.9%
You crossed the line first, sir. You squeezed them, you hammered them to the point of desperation. And in their desperation they turned to a man they didn't fully understand. Michael Caine in The Dark Knight
34.2%
Line Actor/Actress % Correct
Picture a girl who took a nosedive from the ugly tree and hit every branch on the way down. Matt Damon in Saving Private Ryan
29.9%
Two little mice fell in a bucket of cream. The first mouse quickly gave up and drowned. The second mouse, wouldn't quit. He struggled so hard that eventually he churned that cream Christopher Walken in Catch Me If You Can
26%
If you was to put me and this here sniper rifle anywhere up to and including one mile from Adolf Hitler... with a clean line of sight... Pack your bags, fellas. War's over.Barry Pepper in Saving Private Ryan
23.4%
Can I get the, uh, waffles? And, um, what does 'a la mode-y' mean? Abigail Breslin in Little Miss Sunshine
18.2%
Random thoughts for Valentine's day, 2004. Today is a holiday invented by greeting card companies to make people feel like crap.Jim Carrey in Eternal Sunshine of the Spotless Mind
18.2%
Quarantine. Q-u-a-r-a-n-t-i-n-e. Quarantine.Leonardo DiCaprio in The Aviator
15.6%
Now that you've had a taste of my mutton, how do you like it?Daniel Day-Lewis in Gangs of New York
8.7%

You're not logged in!

Compare scores with friends on all Sporcle quizzes.
OR
Log In

Show Comments

Extras

Top Quizzes Today


Score Distribution

Your Account Isn't Verified!

In order to create a playlist on Sporcle, you need to verify the email address you used during registration. Go to your Sporcle Settings to finish the process.

Report this User

Report this user for behavior that violates our Community Guidelines.

Details: